|
|
|
|
| LEADER |
00000nab a2200000uu 4500 |
| 001 |
vtls011452740 |
| 003 |
SK-MaSNL |
| 005 |
20260303132420.0 |
| 008 |
230218|2012 xo |||||||||||||||||slo| |
| 015 |
|
|
|a SNBRB
|
| 035 |
|
|
|a (urnnbn)urn:nbn:sk:snk:ar-007thm
|
| 035 |
|
|
|a (uuid)fef6172d-a0cb-40d7-b3f9-0e0500934664
|
| 035 |
|
|
|a urn:nbn:sk:snk-abcoej
|
| 040 |
|
|
|a SNKBUCL
|b slo
|c SNKBUCL
|e AACR2
|
| 041 |
0 |
|
|a slo
|
| 044 |
|
|
|a xo
|c SK
|
| 100 |
1 |
|
|a Michalovský, Marián
|4 aut
|9 1100024
|
| 245 |
1 |
0 |
|a Spektrum dobrých nápadov a riešení
|c Marián Michalovský
|
| 773 |
0 |
|
|t Duševné vlastníctvo : revue pre teóriu a prax v oblasti duševného vlastníctva
|g Roč. 16, č. 3 (2012), s. 31-32
|
| 954 |
|
|
|a odborná, vedecká literatúra pôvodná (slovenská)
|2 lita
|
| 958 |
|
|
|a OND
|
| 958 |
|
|
|a EUIPO
|
| 958 |
|
|
|a article16
|
| 999 |
|
|
|c 1950921
|d 1952851
|